[Event "LAT-ch"]
[Site "Latvia"]
[Date "1994.??.??"]
[Round "11"]
[White "Miezis, Normunds"]
[Black "Krivonosov, Oleg"]
[Result "1-0"]
[WhiteElo "2430"]
[BlackElo "2400"]
[Annotator "Glatman,V"]
[PlyCount "76"]
[EventDate "1994.??.??"]
[EventType "tourn"]
[EventRounds "11"]
[EventCountry "LAT"]
[EventCategory "7"]
[SourceTitle "CBM 041"]
[Source "ChessBase"]
[SourceDate "1994.08.01"]
[SourceVersion "1"]
[SourceVersionDate "1994.08.01"]
[SourceQuality "1"]

1. c4 {Ambroz} e6 2. e4 $5 d5 3. exd5 exd5 4. d4 Nf6 5. Nc3 Be7 (5... c6 6. Nf3
Be7 (6... Bd6 7. c5 Be7 8. Bd3 b6 9. cxb6 axb6 10. O-O Ba6 11. Bxa6 Rxa6 12.
Qd3 O-O 13. Bg5 $14 {Gurevich,M-Nikolic,P/JUG/1991/1:0 (58) Inf 53/246/}) 7.
Be3 $6 (7. Bd3 $5) 7... O-O 8. Qb3 dxc4 $1 9. Bxc4 Nbd7 10. Ng5 Nd5 $1 {
Shabalov,A-Hertneck,G/Manila(ol)/1992/0:1 (34) Inf 55/268/}) (5... Bb4 6. Nf3
O-O 7. Bd3 (7. Be2 Ne4 8. Qb3 $1 Bxc3+ 9. bxc3 c6 10. O-O Re8 $6 11. Re1 $16 {
Klinger,J-Glek,I/Werfen/1990/1:0 (26)}) 7... dxc4 8. Bxc4 Nbd7 9. O-O Nb6 10.
Bb3 Bg4 11. a3 Be7 12. h3 Bxf3 13. Qxf3 c6 14. Re1 $14 {Miezes,N-Meijers,V/
LAT-ch/1994/1:0 /24/ ->41CBM}) 6. Nf3 (6. Bd3 dxc4 7. Bxc4 O-O 8. Nge2 Nbd7 9.
O-O Nb6 10. Bb3 c6 11. Re1 Bf5 $6 12. Ng3 Bg6 13. f4 $1 $16 {Wolff,P-Dreev,A/
Biel izt/1993/0:1/43/}) 6... O-O 7. Bd3 $5 (7. cxd5 Nxd5 8. Bd3 Nc6 9. O-O h6
10. Re1 Bf6 11. Bb1 Nde7 12. Be3 Nf5 13. d5 Nxe3 14. fxe3 Ne5 $10 {Okhotnik,
V-Sher,M/Prague/1988/0,5/53/}) (7. Be3 Be6 8. cxd5 Nxd5 9. Bd3 Nc6 10. O-O Qd7
11. Rc1 Nxc3 12. bxc3 Bf5 $10 {Plaskett,J-Gallagher,J/Hastings/1989/0:1 (40)/})
7... dxc4 8. Bxc4 Nbd7 (8... Bg4 9. O-O (9. Be3 {Ambroz} Nc6 10. O-O Nd7 $5 11.
h3 Bh5 12. a3 Bf6 13. g4 Bg6 14. Ba2 Re8 15. Qd2 Nf8 16. Rad1 Qd7 17. d5 Ne5
18. Nxe5 Bxe5 19. f4 Bxc3 20. Qxc3 h5 21. f5 $40 {Fernandes,A-Spraggett,K/
Dubai olm 1986}) 9... c6 (9... Nc6 10. d5 Ne5 11. Be2 Bxf3 12. Bxf3 Nxf3+ 13.
Qxf3 $14) 10. Re1 Nbd7 11. h3 $14) (8... c6 {Ambroz} 9. O-O Nbd7 10. Bg5 Nb6
11. Bb3 Bg4 12. Re1 Nfd5 13. Bxe7 Nxe7 14. h3 Bh5 15. Re5 Bg6 16. Qe2 Ned5 17.
Nxd5 cxd5 18. Re1 Be4 $5 19. Ng5 Nd7 20. Rxe4 $5 dxe4 21. Qh5 Nf6 22. Nxf7 Qb6
{Christensen,T-Jurek,J/Odense (01)/1993/0.5/23/}) 9. O-O Nb6 10. Bb3 c6 (10...
Bg4 11. h3 Bh5 (11... Bxf3 12. Qxf3 c6 13. Re1 $14) 12. g4 Bg6 13. Ne5 $14) 11.
Re1 Nbd5 (11... Bf5 $5) 12. h3 Re8 13. g4 $5 (13. Ne5 $14) 13... Bf8 (13... h6
$5 14. Ne5 Be6) (13... Be6 $5 {Ambroz} 14. Ng5 $140 h6 (14... Bd6 15. Nxe6 Rxe6
16. Rxe6 fxe6 17. Qe2 $14) 15. Nxe6 fxe6 16. Rxe6 Qd7 17. Re5 Bd6 18. Nxd5 cxd5
19. Bf4 $1 (19. Bxd5+ Nxd5 20. Rxd5 Bh2+ 21. Kxh2 Qxd5)) (13... h6 $142 $5 {
Ambroz}) 14. Ne5 Be6 15. Bg5 h6 (15... Be7 $5 {Ambroz}) 16. Bh4 Be7 $6 (16...
Nf4 $5 17. Qf3 g5 $1 $13) 17. Bg3 Qa5 (17... Nc7 18. Bc2 Bd5 19. Qd3 Ne6) 18.
Qf3 Rad8 $6 (18... Nxc3 19. bxc3 Bd5 20. Qd3 $14) 19. h4 $1 $16 Nd7 (19... Nxc3
{Ambroz} 20. Bxe6) 20. Ne4 Nxe5 21. dxe5 Qc7 $6 (21... Nb6 $5) (21... Nc7 $5 {
Ambroz} 22. g5 $1 (22. Bxe6 Nxe6 23. Red1 (23. Nd6 Ng5 $1 24. hxg5 Bxd6 25.
gxh6 gxh6 $15)) (22. Nd6 Bxd6 23. exd6 (23. Bxe6 $2 Rxe6) 23... Bxb3 24. Rxe8+
Nxe8 25. Qxb3 Nxd6 26. Bxd6 Rxd6 27. Qxb7 Qd8 $36) 22... Bxb3 (22... Bb4 {[#]}
23. gxh6 $5 Bxe1 24. Nf6+ $1 gxf6 (24... Kh8 25. Nxe8 Rxe8 26. Bxe6 (26. hxg7+
Kxg7 27. Qf6+ Kg8 $13 28. Bf4 (28. Rd1) 28... Rc8 29. Rd1) 26... Rxe6 27. Qxf7
Rxh6) 25. Qxf6 Kf8 26. h7 $18) 23. axb3 Qb4 24. gxh6 gxh6 25. Kh1 $5 $40) 22.
g5 hxg5 23. hxg5 Qd7 24. Qh5 Bg4 $6 (24... Bf5 $5 25. Rad1 Bg6 26. Qh4 Qf5 $16)
25. Qh4 Qe6 26. Bc2 Bf5 27. Kg2 $1 Bb4 28. Rh1 Kf8 $8 29. a3 $1 Bxe4+ $8 (29...
Ba5 30. Nc5 Qc8 31. Bxf5 Qxf5 32. Nxb7 $18) 30. Qxe4 (30. Bxe4 $5) 30... Bc5
31. Rad1 g6 (31... Ke7 {Ambroz}) 32. Rh7 {/\32...Ke7 33.Qg6+-/} Bb6 (32... Ke7
{Ambroz} 33. Qxg6 Ne3+ 34. fxe3 Qxg6 35. Bxg6 Rxd1 36. Rxf7+ Kd8 37. Rxb7 $16)
33. Rd3 $1 $18 Qf5 (33... Ne7 34. Rf3 Nf5 35. Bb3 $18) 34. Rf3 Qxe4 35. Rhxf7+
Kg8 36. Bxe4 Ne7 37. e6 Bd4 38. b4 Bg7 $138 (38... Bg7 39. Rxg7+ Kxg7 40. Be5+
Kg8 41. Rh3 Kf8 $8 42. Rh7 $1 Rd2 43. Bf6 $18) 1-0

[Event "Kurgan"]
[Site "Kurgan"]
[Date "1993.??.??"]
[Round "?"]
[White "Rublevsky, Sergei"]
[Black "Bykhovsky, Avigdor"]
[Result "1-0"]
[WhiteElo "2525"]
[BlackElo "2470"]
[Annotator "Glatman,V"]
[PlyCount "85"]
[EventDate "1993.12.??"]
[EventType "tourn"]
[EventRounds "13"]
[EventCountry "RUS"]
[EventCategory "8"]
[SourceTitle "CBM 039"]
[Source "ChessBase"]
[SourceDate "1994.04.01"]
[SourceVersion "1"]
[SourceVersionDate "1994.04.01"]
[SourceQuality "1"]

1. e4 e6 2. d4 d5 3. exd5 exd5 4. Nf3 Nf6 (4... Bd6 5. c4 c6 (5... dxc4 6. Bxc4
Nf6 7. Nc3 O-O 8. O-O Bg4 9. h3 Bxf3 10. Qxf3 c6 11. Be3 Nbd7 12. Rad1 Qa5 13.
Bb3 $14 {Chandler,M-Raikovic,D/BRD/1992/ 1:0(28)}) 6. cxd5 (6. Nc3 Ne7 7. Bd3
dxc4 (7... O-O 8. O-O h6 9. h3 Be6 10. c5 Bc7 11. Qc2 Qc8 12. Re1 Re8 13. Bd2
Nd7 14. Re2 $14 {Kengis,E-Rohde,M /Tilburg/1992/ 1:0 (31)}) 8. Bxc4 O-O 9. h3
Nd7 10. O-O Nb6 11. Bb3 $14 {Malishauskas,V-Djurhuus,R /Oslo/1992/ 1:0(40)})
6... cxd5 7. Nc3 Ne7 8. Bd3 O-O 9. O-O Nbc6 10. h3 a6 11. a3 Bc7 12. Qc2 g6 $10
{Rublevsky,S-Vakhidov,T /Cheliabinsk/1993/ 0,5(24)}) 5. Bd3 Bg4 6. O-O Be7 7.
h3 (7. Bg5 O-O 8. Re1 (8. Nbd2 Nbd7 9. c3 c5 $5 10. h3 Bh5 11. Qc2 c4 12. Bf5
Bg6 13. Rad1 Re8 $10 {Shabalov,A-Gulko,B /Manila(ol)/1992/0:1(42) Inf 55/269/})
(8. c3 Nc6 9. Nbd2 h6 10. Bh4 a6 11. Qc2 Re8 12. Rae1 Nd7 13. Bg3 Nf8 14. Ne5
$14 {Ulibin,M-Comas Fabrego,L /Santiago/1990/ 1:0(48)}) 8... Nbd7 9. Nbd2 c6
10. c3 Re8 11. Qc2 h6 12. Bf4 $1 Nh5 13. Be5 Nxe5 14. Bh7+ $1 Kf8 15. Nxe5 $14
{Glek,I-Dolmatov,S /Dortmund (op)/1992/ 1:0 (64) Inf 54/251/}) 7... Bh5 8. c3
Nbd7 9. Bf4 O-O 10. Nbd2 Bg6 (10... c5 $5 11. Qc2 (11. dxc5 Nxc5 12. Bc2 Bg6
$10) 11... c4 12. Bf5 Bg6 13. Ne5 $14) (10... c6 $5 11. Re1 Re8 12. Qc2 Bg6 $10
) 11. Bxg6 hxg6 12. Qb3 $1 $14 Nb6 (12... Rb8 13. Rfe1 Re8 (13... Bd6 $6 14.
Bxd6 cxd6 15. Nf1 $16) 14. Re2 Bf8 15. Rae1 $14) 13. a4 a5 14. Rfe1 Bd6 15. Ne5
(15. Bxd6 Qxd6 16. Re2 Rfe8 17. Rae1 $14) 15... Nfd7 16. Ndf3 Re8 (16... Bxe5
$5 17. Bxe5 $1 (17. dxe5 Nc5 18. Qc2 Ne6 19. Be3 c5 $10) 17... Nxe5 18. Nxe5
Qd6 19. Re2 $14) 17. Qc2 Qf6 $6 (17... Nxe5 $6 18. dxe5 Bf8 19. e6 Rxe6 20.
Rxe6 fxe6 21. Qxg6 Qf6 22. Qh5 $16) (17... Bxe5 $5) 18. Bg3 Nf8 19. Qb3 $1 Qf5
$6 (19... Qd8 $5 {/\c6,Qc7/}) 20. Qb5 $16 Re6 (20... f6 21. Ng4 Rxe1+ 22. Rxe1
Bxg3 23. fxg3 Nfd7 24. Ne3 Qe6 25. g4 $16) 21. b4 $1 axb4 22. a5 bxc3 (22...
Nc4 23. Qxd5 $18) (22... Nc8 23. Qxb7 $18) 23. axb6 Rxa1 24. Rxa1 Bxe5 25. bxc7
$1 (25. Nxe5 $2 Rxb6 26. Qc5 c2 $19) 25... Ra6 (25... Bxc7 26. Bxc7 Rc6 27. Ba5
c2 28. Rc1 $18) (25... Bxg3 26. c8=Q $18) 26. Rxa6 bxa6 27. Qc6 $18 Bxc7 28.
Qxc7 c2 29. Ne1 Ne6 30. Qc8+ Kh7 31. Qxc2 (31. Nxc2 $5) 31... Nxd4 32. Qxf5
gxf5 33. Bc7 Nc6 34. Nd3 f6 35. Kf1 g5 36. g3 Kg6 37. Ke2 a5 38. Nc5 Ne5 $6 (
38... Kf7 $5) 39. Bxa5 g4 40. Ne6 $1 gxh3 41. Nf4+ Kg5 42. Nxh3+ Kg4 43. Nf4
1-0

[Event "BL2-West 0001"]
[Site "Germany"]
[Date "2001.01.28"]
[Round "5.2"]
[White "Glek, Igor Vladimirovich"]
[Black "Sonntag, Hans Hubert"]
[Result "1-0"]
[WhiteElo "2553"]
[BlackElo "2380"]
[Annotator "Glek,I"]
[PlyCount "115"]
[EventDate "2000.10.15"]
[EventType "team-tourn"]
[EventRounds "9"]
[EventCountry "GER"]
[SourceTitle "CBM 081"]
[Source "ChessBase"]
[SourceDate "2001.03.20"]
[SourceVersion "1"]
[SourceVersionDate "2001.03.20"]
[SourceQuality "1"]
[WhiteTeam "Katernberg"]
[BlackTeam "Aachen"]
[WhiteTeamCountry "GER"]
[BlackTeamCountry "GER"]

1. c4 e6 2. e4 d5 3. exd5 exd5 4. d4 {Eine aggressive Form der französischen
Abtauschvariante.} Nf6 5. Nc3 (5. Nf3 Be7 6. Be2 O-O 7. O-O Be6 8. cxd5 Nxd5 9.
Nc3 Nd7 10. Ne4 N7f6 11. Neg5 Bf5 12. Ne5 Nd7 13. Ngf3 Nb4 14. Nd3 Nxd3 15.
Bxd3 Bxd3 16. Qxd3 Nb6 17. Qe4 c6 18. Re1 Re8 19. Qg4 Bf8 20. Bg5 Qd5 21. h4
Rxe1+ 22. Rxe1 Qxa2 23. h5 Qd5 24. Nh4 g6 25. hxg6 hxg6 26. Re5 Qa2 27. Nf5 Nd5
28. Kh2 Qxb2 29. Qh4 gxf5 30. Rxd5 Bg7 31. Rd6 Qb4 32. Qg3 Kf8 33. Rd7 Re8 34.
Qc7 (34. Bf4 Kg8 35. Be5 $16) 34... Qb3 35. Qf4 Qe6 36. Rxb7 a5 37. f3 c5 38.
Rb5 Bxd4 39. Kh3 Kg7 40. Bh4 Be3 41. Qg3+ Kh7 42. f4 Qh6 43. Rb7 Qh5 44. Qg5
Qxg5 45. Bxg5 Kg6 46. Ra7 Bd2 47. Rc7 Re3+ 48. g3 Bb4 49. Be7 a4 50. Bd6 Be1
51. Rxc5 Rxg3+ 52. Kh2 Rd3 53. Rc6 Kh5 54. Kg2 Kg4 55. Kf1 Re3 56. Rc4 Kf3 57.
Bc5 Rc3 {0-1 Miezis,N-Shirov,A/Istanbul TUR 2000/The Week in Chess 314 (57)})
5... Be7 6. Nf3 O-O 7. cxd5 (7. Bd3 Nc6 (7... dxc4 8. Bxc4 Bg4 9. O-O (9. Be3
Nbd7 10. h3 Bh5 11. O-O c6 12. Bb3 Qa5 13. Re1 Bb4 14. Rc1 Rae8 15. a3 Bxc3 16.
Rxc3 Nd5 17. Rc1 Qb5 18. g4 Bg6 19. a4 Qb4 20. Bxd5 cxd5 21. Rc7 Nb8 22. Qd2
Qb6 23. Rc5 Be4 24. Ng5 Qb3 25. Rb5 Qxa4 26. Rxb7 Nc6 27. Rc1 Nd8 28. Rbc7 Bg6
29. f4 f6 30. Nf3 Be4 31. Nh4 Ne6 32. R7c6 g5 33. Ng2 gxf4 34. Nxf4 Ng5 35. Kf2
f5 36. Qe2 Qb4 37. Rg1 Kh8 38. Rg3 fxg4 39. hxg4 Ne6 40. Rxe6 Rxe6 41. Rh3 Rb6
42. Kg3 Qxb2 43. Qf1 Kg8 44. Rh5 Qa3 45. Qf2 Rb3 46. Rg5+ Kh8 47. Kh4 Rxe3 48.
Qh2 Rxf4 {0-1 Miezis,N-Papaioannou,I/Istanbul TUR 2000/The Week in Chess 314 
(48)}) 9... Bxf3 10. Qxf3 Qxd4 11. Qxb7 Qxc4 12. Qxa8 Bd6 13. Qf3 Bxh2+ 14.
Kxh2 Qxf1 15. Rb1 h5 16. Bf4 Ng4+ 17. Kg3 Qa6 18. Qe2 Qg6 19. f3 Nf6+ 20. Kh2
Re8 21. Qc4 Nbd7 22. Rd1 Qf5 23. Qxc7 g5 24. Bc1 Ne5 25. Kg1 Kg7 26. Rf1 h4 27.
Bxg5 Qxg5 28. f4 Qg3 29. fxe5 Qe3+ 30. Kh1 Rxe5 31. Qc6 Nh5 32. Kh2 Qg3+ 33.
Kg1 Qe3+ 34. Kh2 Qg3+ 35. Kg1 Qg5 36. Qf3 Qg6 37. Rd1 Ng3 38. Qf4 Re4 39. Qd6
Re1+ {0-1 Rechel,B-Sluka,R/Olomouc CZE 2000/The Week in Chess 301 (39)}) 8.
cxd5 Nxd5 9. O-O Bg4 10. h3 Bh5 11. Bxh7+ $1 Kxh7 12. Ng5+ Kg8 13. Qxh5 Nf6 14.
Qh4 Qxd4 15. Nce4 $36 Qd3 16. Bf4 Rfd8 17. Rfe1 Rd4 18. Re3 Qc2 19. Rc3 Qxe4
20. Nxe4 Nxe4 21. Qg4 Nxc3 22. bxc3 Rc4 23. Qg3 Bf6 24. Rc1 Re8 25. Bg5 Be5 26.
Qd3 b5 27. a4 a6 28. axb5 axb5 29. Qd5 Bd6 30. Qxb5 Rc5 31. Qa4 Rxc3 32. Kf1
Rxc1+ 33. Bxc1 Bb4 34. Be3 Re6 35. g4 Bf8 36. Qa8 Ne5 37. Bc5 Nd7 38. Ba3 c5
39. Qc8 Rd6 40. Kg2 Rd3 41. Bc1 Nf6 42. Be3 Rd5 43. Qc6 Re5 44. Qc8 Nd5 45. Kf3
Nxe3 46. fxe3 Re6 47. g5 g6 48. h4 Rb6 49. e4 Re6 50. Kf4 Rb6 51. e5 Rb4+ 52.
Kf3 Rb6 53. Ke4 Re6 54. Kd5 Rb6 55. Qe8 Re6 56. Qb8 Kg7 57. Qc8 Kg8 58. Qa8 Kg7
59. Qa1 Kg8 60. Qh1 Rb6 61. h5 gxh5 62. Qxh5 Re6 63. Qg4 Bg7 64. Kxc5 Rxe5+ 65.
Kd6 Re6+ 66. Kd7 Bf8 67. Qf5 Rg6 68. Qe5 Re6 69. Qf4 Rd6+ 70. Kc8 Rg6 71. Qf5
Be7 72. Kd7 Bxg5 73. Ke8 Re6+ 74. Kd7 Rg6 75. Ke8 Re6+ 76. Kd7 Bh6 77. Qxe6 {
1/2-1/2 Miezis,N-Shirov,A/Tallinn EST 2000/The Week in Chess 273 (77)}) 7...
Nxd5 8. Bd3 c5 $5 (8... Nc6) 9. O-O (9. dxc5 $5 Nxc3 10. bxc3 Bxc5 11. O-O)
9... cxd4 10. Nxd4 Nxc3 11. bxc3 Nc6 12. Nxc6 bxc6 13. Bf4 $14 Be6 14. Re1 Bf6
15. Qc2 h6 16. Rad1 Qa5 17. c4 $1 Rfd8 18. h3 $1 Kh8 (18... Rd7 19. Bh7+) 19.
Qe2 Bf5 20. Bxf5 Qxf5 21. Bd6 $1 Bc3 22. Rf1 (22. Qe4 $5) 22... Re8 23. Qd3
Qxd3 24. Rxd3 Rad8 25. Rfd1 Bf6 26. c5 $14 Rd7 27. Kf1 Rb7 28. Ra3 Kg8 29. Ra6
Rc8 30. g3 $6 (30. Rd3 Be7 $14) (30. Re1 $1 $16 {/\g3,Te3-a3, weil jetzt...})
30... Be7 $1 {Übergang ins Turmendspiel sichert perfekte Remisschansen...} 31.
Rd3 Bxd6 32. cxd6 (32. Rxd6) 32... Rd7 33. Rda3 $6 $138 (33. Ke2 $14) 33...
Rxd6 34. Rxa7 c5 35. Rf3 Rf8 36. Rc7 (36. a4 $5) 36... Ra6 37. a3 Ra5 38. g4 g6
39. Kg2 $138 (39. Ke2 $5 {mit der Idee, den Pa3 mit dem König zu verteidigen
und dann c5 zu erobern.}) 39... Kg7 40. Kg3 Kg8 41. Kg2 g5 {[#] SF
Katernberg`s Hoffnungen ruhten darauf, dass es sich hierbei vielleicht doch um
eine Gewinnstellung für Weiß handeln könnte...} 42. Kg3 f6 43. h4 Rf7 44. Rc6
Kg7 $2 (44... gxh4+ $1 $11) 45. h5 Kh7 46. Rb3 Rfa7 47. f3 Rxa3 48. Rb8 (48.
Rbb6 Rf7 49. Rb8 Kg7 50. Rcc8 f5 51. Rg8+ Kf6 $11) 48... Kg7 49. Rxc5 (49. Rcc8
$5) 49... Rd3 $2 {Schwarz versäumt die Gelegenheit, seinerseits seine Türme so
aktiv wie möglich zu verwenden:} (49... R3a5 50. Rcc8) (49... Ra1 $1 50. Rcc8
Rg1+ 51. Kf2 Rga1 52. Rg8+ Kh7 53. Rh8+ Kg7 54. Rbg8+ Kf7 $11) 50. Rcc8 $16 {
/+-} Kf7 (50... Rd1 51. Rg8+ Kh7 52. Rh8+ Kg7 53. Rbg8+ Kf7 54. Rf8+ (54. Rg6
Ra2 $11) 54... Ke7 55. Rb8 $18) (50... f5 51. Rg8+ (51. gxf5 $16) 51... Kh7 52.
Rh8+ Kg7 53. Rbg8+ Kf7 54. Rf8+ Kg7 55. gxf5 Ra6 56. Rfg8+ (56. Rhg8+ Kh7 57.
Rg6 Raa3 58. Rf7+ Kh8 59. Rxh6+ Kg8 60. Rhh7 Rxf3+ $11) 56... Kf7 57. Rb8 $18)
51. Rh8 Kg7 52. Rbg8+ Kf7 53. Rf8+ Ke7 54. Rb8 $1 $18 Raa3 55. Rh7+ Ke6 56.
Rb6+ Rd6 (56... Ke5 57. Re7+ Kd5 58. Rxf6 $18) 57. Rbb7 $1 (57. Rxd6+ Kxd6 58.
Rxh6 Ke7 $14) 57... f5 (57... Rdd3 58. Rbe7+ Kd5 59. Rd7+ Kc4 60. Rxd3 Kxd3 61.
Rxh6 $18) (57... Ra1 58. Rbe7+ Kd5 59. Rxh6 $18) 58. Rxh6+ $138 {Plötzlich
reklamiert der Schiedsrichter: Zeit! Dabei hat Weiß doch immer noch einige
Sekunden auf der Uhr. Erst mit einiger Verzögerung wird klar, dass es der
Schwarze ist, der die Zeit überschritten hat...} (58. Rxh6+ Ke5 59. Rb5+ Rd5
60. Rxd5+ Kxd5 61. gxf5 $18 {sollte aber auch so für Weiß gewinnen.}) 1-0

[Event "Belgrade Investbank"]
[Site "Belgrade"]
[Date "1991.??.??"]
[Round "?"]
[White "Gurevich, Mikhail"]
[Black "Nikolic, Predrag"]
[Result "1-0"]
[WhiteElo "2630"]
[BlackElo "2625"]
[Annotator "Gurevich,M"]
[PlyCount "115"]
[EventDate "1991.11.??"]
[EventType "tourn"]
[EventRounds "11"]
[EventCountry "YUG"]
[EventCategory "15"]
[SourceTitle "CBM 027"]
[Source "ChessBase"]
[SourceDate "1992.04.01"]
[SourceVersion "1"]
[SourceVersionDate "1992.04.01"]
[SourceQuality "1"]

1. d4 d5 2. c4 c6 3. Nc3 e5 4. e3 exd4 5. exd4 Nf6 6. Nf3 Bd6 7. c5 Be7 8. Bd3
b6 (8... O-O 9. Bf4 b6 10. b4 a5 11. a3 $14) 9. cxb6 (9. b4 $6 a5 10. Na4 Nfd7
11. a3 b5 $15) 9... axb6 10. O-O Ba6 (10... O-O 11. Re1 Ba6 12. Bc2 {/\->>>}) (
10... Bg4 $5) 11. Bxa6 Rxa6 12. Qd3 O-O 13. Bg5 h6 (13... Re8 14. Rfe1 Nfd7 15.
Bxe7 Rxe7 16. Rxe7 Qxe7 17. Re1 $14) 14. Bh4 Nh5 15. Bxe7 Qxe7 16. Rfe1 Qd8 (
16... Qb4 $6 17. a3 Qxb2 18. Ra2 $1 Qb3 19. Nd2 $18) 17. Ne5 b5 (17... Ra7 18.
Ne2 $5 Re7 19. Qf3 Nf6 20. Ng3 Re6 21. Nf5 $40) 18. a3 Nd7 19. Nxd7 Qxd7 20.
Na2 Nf4 21. Qf3 Ne6 22. Nb4 Raa8 23. Qc3 Rac8 24. Rac1 c5 25. dxc5 Rxc5 26. Qf3
Rxc1 27. Rxc1 Rc8 28. Rd1 d4 29. h4 Rc5 30. g3 Qc8 31. Nd3 Rc7 32. Qd5 Qb7 33.
Qxb7 Rxb7 34. Re1 Kf8 35. Re5 Nd8 36. Nb4 f6 37. Rd5 Nf7 38. Rxd4 Ne5 39. Kg2
Kf7 40. Nd3 Nc4 41. a4 Ke7 42. axb5 Nd6 43. Rb4 Nxb5 44. Nc5 Rb8 45. Nb3 Rb7
46. Nd4 Nd6 47. Nf5+ Kf8 48. Rxb7 Nxb7 49. h5 Kf7 50. b4 g6 51. hxg6+ Kxg6 52.
Nd4 Kg5 53. b5 f5 54. f4+ Kf6 55. b6 Nd6 56. Kh3 Kg6 57. Nc6 Nb7 58. Ne5+ 1-0

[Event "Metz op 23rd"]
[Site "Metz"]
[Date "2005.04.20"]
[Round "5"]
[White "Shirazi, Kamran"]
[Black "Gurevich, Mikhail"]
[Result "0-1"]
[WhiteElo "2399"]
[BlackElo "2630"]
[Annotator "Gurevich,M"]
[PlyCount "108"]
[EventDate "2005.04.16"]
[EventType "swiss"]
[EventRounds "9"]
[EventCountry "FRA"]
[SourceTitle "CBM 105 Extra"]
[Source "ChessBase"]
[SourceDate "2005.05.01"]
[SourceVersion "1"]
[SourceVersionDate "2005.05.01"]
[SourceQuality "1"]

1. e4 e6 2. d4 d5 3. Nc3 Nf6 4. exd5 exd5 5. a3 (5. h3 Be7 6. Bd3 Nc6 7. Be3
Nb4 8. Be2 Bf5 9. Rc1 O-O 10. a3 Nc6 11. g4 Be6 12. f4 Re8 13. Nf3 $13 {
1/2-1/2 Shirazi,K-Glek,I/Bad Zwesten 2002/CBM 086 ext (65)}) 5... Be7 (5... Nc6
6. h3 Be7 7. Nge2 O-O 8. g4 Ne4 9. Nxe4 dxe4 10. Bg2 f5 11. Be3 Bd6 12. Qd2 Qf6
13. g5 Qf7 14. Nf4 Bd7 15. h4 $36 {1-0 Shirazi,K-Marechal,A/Paris 2003/CBM 097
ext (26)}) 6. h3 (6. Nf3 O-O 7. h3 c5 8. Be3 Re8 9. Be2 c4 10. O-O Nc6 11. Ne5
Bf5 12. Nxc6 bxc6 13. Qd2 Rb8 14. Na4 Ne4 15. Qc1 Bg5 16. Bxg5 Nxg5 17. Re1
Bxh3 18. gxh3 Nxh3+ 19. Kg2 Qh4 20. Nc3 Nf4+ $19 {0-1 Whetter-Smith/ENG corr
1990/Corr Nr. 1 (28)}) 6... O-O 7. Bd3 {TN} c5 $5 8. dxc5 Bxc5 9. Nge2 Nc6 10.
O-O Ne5 $5 (10... Re8 11. Bg5 Be6 12. Nf4 $36) 11. Bf4 (11. Bg5 $5 Bxh3 $140
12. Bxf6 (12. gxh3 Nf3+) 12... Qxf6 13. gxh3 Qf3 $5 (13... Nf3+ 14. Kh1 Qh6 15.
Bf5 $16) 14. Bxh7+ $1 Kxh7 15. Qxd5 $14) 11... Re8 (11... Nxd3 12. Qxd3 Be6 13.
Nd4 $14) 12. Bb5 Bd7 13. Bxd7 Qxd7 14. Bg5 Ne4 $11 15. Nxe4 dxe4 16. Qxd7 Nxd7
17. Rfd1 Ne5 {[/\18...Nc4<=><<]} 18. Nc3 $5 (18. b3) 18... Nc4 19. b3 (19. Rd7
h6 20. Bf4 Nxb2 21. Rxb7 Nc4 22. Rc7 Rac8 23. Rxc8 Rxc8 24. Nxe4 Bxa3 $11)
19... Nxa3 20. Nd5 Rac8 21. c4 $44 {[xNa3]} (21. b4 Nxc2 22. bxc5 Nxa1 23. Rxa1
Rxc5 $17) 21... Nc2 22. Ra2 Nd4 23. b4 Ne6 24. bxc5 (24. Bh4 Bf8 25. c5 (25.
Rxa7 Rxc4 26. Rxb7 e3 $19) 25... a6 26. Nb6 Rc6 $15) 24... Nxg5 25. Rxa7 Rxc5
26. Rxb7 (26. Ne3 $5 Rc7 27. Rd4 $44) 26... Rxc4 27. Nc7 $5 Rc8 28. h4 h5 $5 (
28... h6 29. hxg5 R8xc7 30. Rxc7 Rxc7 31. gxh6 gxh6 32. g4 $11) 29. Nd5 Rc1 30.
Rb1 (30. Ne7+ $5 Kf8 31. Rxc1 Rxc1+ 32. Kh2 Ne6 33. Nf5 Rc8 34. Nd6 $11) 30...
Rxb1 31. Rxb1 Rc5 32. Nf4 Rf5 $5 33. Ne2 Ne6 $15 34. Rb4 Re5 35. Ng3 Nc5 (35...
f5 36. Nxh5 f4 37. g4 e3 38. fxe3 fxe3 39. Kf1 e2+ 40. Ke1 Nc5 41. Nf4 $11) 36.
Rb5 $5 $44 f6 37. Ne2 Kf7 38. Nf4 Rf5 $5 39. g3 Re5 40. Ra5 Nd3 41. Rxe5 $6 (
41. Ra7+ Re7 (41... Kg8 42. Nxd3 exd3 43. Rd7 Re1+ 44. Kg2 Rd1 45. Kf3 $11) 42.
Rxe7+ Kxe7 43. Nxh5 Kf7 (43... g6 44. Nf4 Nxf4 45. gxf4 $11) 44. g4 $11) 41...
fxe5 42. Nd5 Ke6 {D} 43. Ne3 $2 (43. Nc3 $1 $11 {/\Kg1-f1-e2-e3}) 43... Nb4 $1
{(/\Nb4-f5)} 44. Kf1 Nd5 45. Nc4 Ne7 46. Ke2 Nf5 47. Kd2 Kd5 $19 48. Ne3+ Nxe3
49. Kxe3 g6 50. Kd2 Kd4 51. Ke2 e3 52. f3 (52. fxe3+ Kc3) 52... e4 53. f4 Kc4
54. Kxe3 (54. g4 hxg4 55. f5 gxf5 56. h5 (56. Kxe3 g3 57. h5 f4+ 58. Ke2 g2 59.
Kf2 f3 60. h6 e3+) 56... g3 57. Kxe3 f4+ 58. Ke2 f3+ $19) 54... Kd5 0-1

[Event "EU-ch 4th"]
[Site "Istanbul"]
[Date "2003.06.07"]
[Round "8"]
[White "Gurevich, Mikhail"]
[Black "Stefansson, Hannes"]
[Result "1/2-1/2"]
[WhiteElo "2635"]
[BlackElo "2565"]
[Annotator "Gurevich,M"]
[PlyCount "62"]
[EventDate "2003.05.30"]
[EventType "swiss"]
[EventRounds "13"]
[EventCountry "TUR"]
[SourceTitle "CBM 096"]
[Source "ChessBase"]
[SourceDate "2003.09.25"]
[SourceVersion "1"]
[SourceVersionDate "2003.09.25"]
[SourceQuality "1"]

1. d4 d5 2. c4 c6 3. e3 Nf6 4. Bd3 e5 5. Nc3 (5. Ne2 e4 6. Bc2 Bd6 7. Nbc3 O-O
8. Bd2 Nbd7 9. Ng3 Re8 10. Qe2 a6 11. a4 Nf8 12. cxd5 cxd5 13. Nh5 N8d7 14. O-O
Nxh5 15. Qxh5 Nf6 16. Qh4 Bd7 $13 {1-0 Epishin,V-Babula,V/Valle d'Aosta ITA
2002/The Week in Chess 380 (50)}) 5... exd4 6. exd4 Be6 7. c5 (7. cxd5 Nxd5 8.
Nf3 Bb4 9. O-O Be7 10. Re1 O-O 11. Qc2 g6 12. Bxg6 hxg6 13. Rxe6 $36 {1-0
Wolff,P-Adu,O/Sioux Falls USA 2001/The Week in Chess 360 (22)}) 7... b6 8. cxb6
$5 {TN} (8. b4 a5 9. Na4 Nfd7 $5 $132) 8... axb6 9. Nf3 Be7 (9... Bd6 $5 10.
Bg5 Nbd7 11. O-O O-O 12. Re1 Bg4 $132) 10. O-O Bg4 (10... O-O 11. Bf4 Nbd7 12.
Re1 $14) 11. h3 Bh5 12. Re1 O-O 13. Bf4 Nbd7 {[н/\14...b5;Nd7-b6-c4<=>]} 14.
Rc1 $1 {[н/\15.a3,16.Na2;xc6]} (14. g4 Bg6 15. Bxg6 hxg6 16. Rc1 Re8 $132)
14... b5 $6 (14... b5 {[#]}) 15. Nxb5 $1 Bb4 (15... cxb5 16. Bc7 Qe8 17. Bxb5
Bxf3 (17... Rxa2 18. Qb3 Bxf3 (18... Ra7 19. g4 Bg6 20. g5 $16) 19. Qxa2 Be4
20. f3 Bf5 21. b4 Be6 22. Qa5 $16) 18. Qxf3 Rxa2 19. Qc3 $5 {(н/\20.Re2,21.Qc6)
|^}) (15... Rxa2 16. Bc7 Qc8 (16... Qa8 17. Rxe7 cxb5 18. g4 Bg6 19. g5 $18)
17. Qb3 $18) 16. Nc3 Qb6 (16... Bxc3 17. Rxc3 Rxa2 18. Qb1 Qa8 19. Ne5 $36) 17.
g4 (17. a3 Bxc3 18. Rxc3 $16 Bxf3 19. Qxf3 Qxd4 (19... Qxb2 20. Rb1 Qa2 21. Bd6
$16) 20. b4 $16) 17... Bg6 18. a3 Bxc3 19. Rxc3 Ne4 (19... Qxb2 $2 20. Rb3 Qa2
21. Re2) 20. Rb3 Qa7 21. Bxe4 (21. Bf1 $1 $16 {(н/\22.Ne5)}) 21... dxe4 (21...
Bxe4 22. Ng5 Bg6 23. Re7 $16) 22. Nh4 Rfe8 23. Rbe3 Qb6 (23... Nf6 24. Nxg6
hxg6 25. Be5 $16) 24. Nxg6 hxg6 25. Qc2 Rac8 $5 (25... Qxd4 26. Rxe4 Rxe4 27.
Qxe4 $5 $16) 26. Rxe4 Rxe4 27. Rxe4 Nf6 28. Re1 Qxd4 29. Be5 Qd5 30. Qc3 Ne8
31. Qd4 (31. b4 $5) 31... Qe6 $16 {....} 1/2-1/2